Can You Recite Bane's Entire Sewer "Monologue"? - Statistics

General Stats
  • This quiz has been taken 43 times
  • The average score is 100 of 173
Answer Stats
Words % Correct
I
100%
you
100%
you!
100%
You
100%
you,
100%
you.
100%
a
94%
it,
94%
it.
94%
it
94%
the
94%
The
94%
in
89%
me
89%
me!
89%
was
89%
dark.
83%
adopted
78%
born
78%
But
78%
but
78%
Shadows.
78%
Shadows,
78%
shadows
78%
al
72%
by
72%
molded
72%
of
72%
then
72%
Then
72%
to
72%
am
67%
darkness
67%
is
67%
merely
67%
not
67%
on
67%
we
67%
We
67%
are
61%
as
61%
they
61%
think
61%
your
61%
Your
61%
ally.
56%
BLINDING!
56%
didn't
56%
League
56%
man,
56%
nothing
56%
see
56%
already
50%
because
50%
betray
50%
break
50%
Bruce?
50%
here.
50%
here
50%
light
50%
serious
50%
until
50%
us.
50%
Wayne!
50%
will
50%
would
50%
and
44%
And
44%
belong
44%
has
44%
have
44%
Mr.
44%
Ohhhhhhhh,
44%
what
44%
where
44%
yours,
44%
aren't
39%
body?
39%
defeated
39%
fear.
39%
first...
39%
made
39%
or
39%
Ra's
39%
Victory
39%
wondering
39%
Ah,
33%
cost
33%
destiny!
33%
fulfill
33%
Ghul's
33%
like
33%
my
33%
Peace
33%
spirit,
33%
strength.
33%
back.
28%
betrayed
28%
ceremony
28%
fight
28%
initiated,
28%
Let's
28%
stand
28%
held
22%
need
22%
with
22%
yes.
22%
younger
22%
Admirable,
17%
home
17%
Members
17%
mistaken,
17%
show
17%
agents
11%
powerful
11%
Theatricality
11%
uninitiated.
11%
armory,
6%
deception,
6%
accepted!
0%
bring
0%
gratefully
0%
justice.
0%
precious
0%
preparing
0%
while
0%
No matching quizzes found
Score Distribution
Percent of People with Each Score
Percentile by Number Answered
Your Score History
You have not taken this quiz